| 000 | 00321nam a22001337a 4500 | ||
|---|---|---|---|
| 020 | _a8185211817 | ||
| 082 |
_a631.587 _bGAN/IR |
||
| 100 |
_aGanesaraja,V _9650 |
||
| 100 |
_aPaulpandi,V.K _9651 |
||
| 245 | _aIrrigation Agronomy | ||
| 260 |
_aNew Delhi _bAssociated Publishing Company _c2010 |
||
| 300 | _a237 | ||
| 942 | _cBK | ||
| 999 |
_c14402 _d14402 |
||